Complete guide to digital test equipment / (Record no. 182465)
[ view plain ]
| 000 -LEADER | |
|---|---|
| fixed length control field | 01103 a2200193 4500 |
| 003 - CONTROL NUMBER IDENTIFIER | |
| control field | Nust |
| 005 - DATE AND TIME OF LATEST TRANSACTION | |
| control field | 20221207090938.0 |
| 010 ## - LIBRARY OF CONGRESS CONTROL NUMBER | |
| LC control number | 76030855 |
| 020 ## - INTERNATIONAL STANDARD BOOK NUMBER | |
| International Standard Book Number | 0131604082 : |
| 040 ## - CATALOGING SOURCE | |
| Transcribing agency | Nust |
| 082 00 - DEWEY DECIMAL CLASSIFICATION NUMBER | |
| Classification number | 621.381548,BUC |
| 100 1# - MAIN ENTRY--PERSONAL NAME | |
| Personal name | Buchsbaum, Walter H. |
| 9 (RLIN) | 104302 |
| 245 10 - TITLE STATEMENT | |
| Title | Complete guide to digital test equipment / |
| Statement of responsibility, etc. | Walter H. Buchsbaum. |
| 260 ## - PUBLICATION, DISTRIBUTION, ETC. | |
| Place of publication, distribution, etc. | Englewood Cliffs, N.J. : |
| Name of publisher, distributor, etc. | Prentice-Hall, |
| Date of publication, distribution, etc. | c1977. |
| 300 ## - PHYSICAL DESCRIPTION | |
| Extent | 221 p. : |
| Other physical details | ill. ; |
| Dimensions | 24 cm. |
| 505 ## - FORMATTED CONTENTS NOTE | |
| Formatted contents note | How the Key Digital Circuits Work (Page-11), How Digital Displays Work (Page-35), How the Digital Multi-Meter Works (Page-51), How to get The Most from your DMM (Page-75), How The Digital Counter Works (Page-93), How to get the Most from your Counter (Page-111), How the Pulse and Word Generators Works (Page-123), How to Get The Most from your Pulse and Word Generator (Page-145), How the Frequency Synthesizer Works (Page-157), How to get The Most from your Synthesis (Page-175), How Logic Testers Work (Page-185), How to get The Most From Your Logic Tester (Page-205). |
| 650 #0 - SUBJECT ADDED ENTRY--TOPICAL TERM | |
| Topical term or geographic name entry element | Telecommunication Engineering. |
| 942 ## - ADDED ENTRY ELEMENTS (KOHA) | |
| Source of classification or shelving scheme | |
| Koha item type | Book |
| Withdrawn status | Lost status | Source of classification or shelving scheme | Damaged status | Not for loan | Permanent Location | Current Location | Shelving location | Date acquired | Full call number | Barcode | Date last seen | Price effective from | Koha item type | Public note |
|---|---|---|---|---|---|---|---|---|---|---|---|---|---|---|
| Military College of Signals (MCS) | Military College of Signals (MCS) | General Stacks | 12/12/2016 | 621.381548,BUC | MCS21689 | 12/08/2016 | 12/12/2016 | Book | Almirah No.34, Shelf No.6 | |||||
| Military College of Signals (MCS) | Military College of Signals (MCS) | General Stacks | 12/12/2016 | 621.381548,BUC | MCS221 | 12/08/2016 | 12/12/2016 | Book | Almirah No.34, Shelf No.6 |
